| 000 | 00513nam a2200241Ia 4500 | ||
|---|---|---|---|
| 003 | IT-RoPAU | ||
| 005 | 20220918175742.0 | ||
| 008 | 120407s9999 xx 000 0 und d | ||
| 040 | _aIT-RoPAU | ||
| 040 | _cIT-RoPAU | ||
| 041 | _aita | ||
| 100 |
_aLeonzio Celier _935694 |
||
| 245 | _aSan Carlo Borromeo (1538-1584) | ||
| 250 | _aRoma | ||
| 260 | _aDesclée | ||
| 260 | _c1912 | ||
| 300 | _a199 p. | ||
| 300 | _c18 cm | ||
| 490 | _aI Santi, 45 | ||
| 490 | _v1 | ||
| 942 |
_cBK _2ddc |
||
| 999 |
_c28302 _d28302 |
||